| 000 | 00963nam a22003137a 4500 | ||
|---|---|---|---|
| 003 | CHAP | ||
| 005 | 20220329133926.0 | ||
| 008 | 971013s1897 r 00010 d | ||
| 010 | _a12789 | ||
| 011 | _a13761 | ||
| 035 | _a17833 | ||
| 040 | _cCHAP | ||
| 082 |
_a636 _bC3 |
||
| 100 | 0 | 0 |
_aCasal Suárez, Agustín. _919732 |
| 245 | _aManual práctico del ganadero | ||
| 260 |
_aMéxico : _bSecretaría de Fomento, _c1897 |
||
| 300 | _a111 p. | ||
| 500 | _aEncuadernado con: Casas, N. Tratado de la cría del cerdo | ||
| 590 |
_aBATCH-UPD _b10 _c20130110 _lUCH01 _h0125 |
||
| 590 |
_aBATCH-UPD _b10 _c20130110 _lUCH01 _h1830 |
||
| 590 |
_aBATCH-UPD _b10 _c20130409 _lUCH01 _h2119 |
||
| 590 |
_aBATCH-UPD _b10 _c20130410 _lUCH01 _h1202 |
||
| 590 |
_aBATCH-UPD _b10 _c20130914 _lUCH01 _h0854 |
||
| 590 |
_aCONVERSION _b10 _c20130109 _lUCH01 _h1308 |
||
| 650 | 1 | 4 |
_aGanadería. _944604 |
| 901 | _aBK | ||
| 942 | _cLIBRO | ||
| 949 |
_a636 C3 _bBC _cBPP _d-41801 _eBPP _i17833 _si |
||
| 999 |
_c12789 _d12789 |
||